Statistics for Guess the Lyrics - Beyonce

Click here to take the quiz!

General Stats

  • This quiz has been taken 33 times
  • The average score is 169 of 336

Answer Stats

Answer% Correct
a
100%
I
96%
the
88%
you
88%
be
80%
he
80%
me
80%
do
76%
and
72%
on
72%
to
72%
it
68%
my
68%
we
68%
your
68%
is
64%
no
64%
this
64%
when
60%
in
56%
like
56%
men
56%
what
56%
but
52%
for
52%
not
52%
girl
48%
of
48%
oh
48%
baby
44%
made
44%
said
44%
was
44%
with
44%
came
40%
come
40%
cry
40%
hand
40%
head
40%
his
40%
it's
40%
take
40%
world
40%
arms
36%
around
36%
bible
36%
daddy
36%
daddy's
36%
dance
36%
gun
36%
had
36%
held
36%
he's
36%
high
36%
into
36%
liked
36%
little
36%
mother
36%
out
36%
right
36%
shoot
36%
sister
36%
strong
36%
swore
36%
told
36%
watch
36%
whisky
36%
care
32%
cause
32%
classic
32%
gone
32%
motorcycles
32%
rode
32%
soldier
32%
tea
32%
town
32%
vinyl
32%
about
28%
always
28%
at
28%
before
28%
comes
28%
died
28%
fight
28%
fool
28%
heres
28%
rifle
28%
second
28%
thats
28%
trouble
28%
warned
28%
wasn't
28%
amendment
24%
blackjack
24%
cool
24%
gave
24%
looked
24%
played
24%
playing
24%
remember
24%
tough
24%
taught
20%

Score Distribution

Percentile by Number Answered

Percent of People with Each Score

Your Score History

You have not taken this quiz